| 000 | 00661nam a2200181 a 4500 | ||
|---|---|---|---|
| 008 | 120416s2000 ||||||||||||||||| || u | ||
| 020 | _a052166649X | ||
| 050 | _aQD 461 Gil | ||
| 100 | _aGil, Victor M. S., 1939- | ||
| 245 | 1 | 0 | _aOrbitals in chemistry |
| 246 | _aa modern guide for students | ||
| 260 |
_aCambridge _bCambridge University Press _c2000 |
||
| 300 | _axii, 314p. : ill. | ||
| 350 | _a0.00 | ||
| 650 | 0 | _aCHEMISTRY--HANDBOOKS, MANUALS, ETC | |
| 650 | _aMOLECULAR ORBITALS | ||
| 995 |
_D0.00 _FCBU-MAIN LIBRARY (Kitwe) _H1 _I19.75 _M1 _UAVAILABLE _WMay 18, 2006 _ZMain Library Open Access Collection |
||
| 999 |
_c52762 _d52762 |
||